[Event "Montigny le Bretonneux Noel op 16th"]
[Site "Montigny le Bretonneux"]
[Date "2015.12.30"]
[Round "7"]
[White "Jakubowski, Richard"]
[Black "Fischer, Jean Claude"]
[Result "0-1"]
[WhiteElo "1890"]
[BlackElo "1758"]
[PlyCount "58"]
[EventDate "2015.12.27"]
[EventType "swiss"]
[EventRounds "7"]
[EventCountry "FRA"]
[SourceTitle "CBM 170 Extra"]
[Source "ChessBase"]
[SourceDate "2016.02.25"]
[SourceVersion "1"]
[SourceVersionDate "2016.02.25"]
[SourceQuality "1"]

1. e4 c5 2. Nf3 Nc6 3. Bc4 e6 4. 0-0 d5 5. exd5 exd5 6. Bb5 Bd6 7. Re1+ Nge7 8. Nc3 0-0 9. d4 Bg4 10. dxc5 Bxc5 11. Bg5 f6 12. Bh4 Nd4 13. Be2 Nxe2+ 14. Qxe2 Qd7 15. h3 Bh5 16. Qe6+ Qxe6 17. Rxe6 Bxf3 18. gxf3 Nf5 19. Bxf6 Rxf6 20. Rxf6 gxf6 21. Nxd5 Kf7 22. c3 Nh4 23. Rd1 Rg8+ 24. Kf1 Nxf3 25. Ke2 Ng1+ 26. Kf1 Nxh3 27. Nc7 Rg1+ 28. Ke2 Rxd1 29. Kxd1 Nxf2+ 0-1

[Event "Montigny le Bretonneux Noel op 16th"]
[Site "Montigny le Bretonneux"]
[Date "2015.12.27"]
[Round "1"]
[White "Jakubowski, Richard"]
[Black "Immele, Herve"]
[Result "0-1"]
[WhiteElo "1890"]
[BlackElo "1570"]
[PlyCount "130"]
[EventDate "2015.12.27"]
[EventType "swiss"]
[EventRounds "7"]
[EventCountry "FRA"]
[SourceTitle "CBM 170 Extra"]
[Source "ChessBase"]
[SourceDate "2016.02.25"]
[SourceVersion "1"]
[SourceVersionDate "2016.02.25"]
[SourceQuality "1"]

1. e4 d5 2. e5 e6 3. d4 c5 4. Bb5+ Bd7 5. Nc3 a6 6. Bxd7+ Nxd7 7. Nf3 g6 8. 0-0 Bg7 9. Be3 cxd4 10. Bxd4 Ne7 11. Ne2 0-0 12. Ng3 Nc6 13. Re1 Qc7 14. c3 Ndxe5 15. Nxe5 Nxe5 16. Rc1 Nc6 17. Bxg7 Kxg7 18. h4 Qf4 19. h5 Rad8 20. hxg6 hxg6 21. Ne2 Qh4 22. Ng3 Rh8 23. Qf3 Rh6 24. Kf1 Qc4+ 25. Qe2 Qxa2 26. Ra1 Qb3 27. Ra3 Qb6 28. Qc2 Rdh8 29. Rb3 Qc5 30. Qd3 b5 31. Ra3 a5 32. Rb3 b4 33. Re3 Qc4 34. cxb4 axb4 35. f3 Qf4 36. Kf2 Ne5 37. Rxe5 Qxe5 38. Rxb4 Rh4 39. Rb7 Qd4+ 40. Qxd4+ Rxd4 41. b4 Rc8 42. Ne2 Rdc4 43. Ke3 R8c7 44. Rb8 Kf6 45. b5 Rb4 46. Kd3 Rc5 47. Nd4 e5 48. Rb6+ Kg7 49. Nc6 Rbxb5 50. Rxb5 Rxb5 51. Nxe5 Kf6 52. Kd4 Ke6 53. Nd3 Kd6 54. g3 Rb1 55. Ke3 f6 56. Nf4 g5 57. Nh5 f5 58. Ng7 Ke5 59. f4+ gxf4+ 60. gxf4+ Kf6 61. Ne8+ Ke7 62. Ng7 Kf6 63. Ne8+ Kg6 64. Nc7 Rd1 65. Ne6 Re1+ 0-1

[Event "Montigny le Bretonneux Noel op 16th"]
[Site "Montigny le Bretonneux"]
[Date "2015.12.27"]
[Round "2"]
[White "Tanchoux, Pierre"]
[Black "Jakubowski, Richard"]
[Result "0-1"]
[WhiteElo "1469"]
[BlackElo "1890"]
[PlyCount "68"]
[EventDate "2015.12.27"]
[EventType "swiss"]
[EventRounds "7"]
[EventCountry "FRA"]
[SourceTitle "CBM 170 Extra"]
[Source "ChessBase"]
[SourceDate "2016.02.25"]
[SourceVersion "1"]
[SourceVersionDate "2016.02.25"]
[SourceQuality "1"]

1. e4 e5 2. Nf3 Nc6 3. Bc4 Be7 4. 0-0 Nf6 5. Re1 0-0 6. Nc3 d6 7. d4 Bg4 8. d5 Nd4 9. Be2 Nxe2+ 10. Qxe2 Qd7 11. h3 Bh5 12. Qd3 c6 13. dxc6 Qxc6 14. Nd5 Nxd5 15. exd5 Qc7 16. c4 Bg6 17. Qe2 Rac8 18. b3 Bf6 19. Bb2 Rfe8 20. Qf1 Qe7 21. Nh2 h5 22. Rad1 Qd7 23. Re2 a6 24. Qe1 b5 25. f4 exf4 26. Bxf6 gxf6 27. Rxe8+ Rxe8 28. Qc3 Qf5 29. cxb5 axb5 30. Qc6 Re2 31. Qxb5 Qc2 32. Rf1 Rxg2+ 33. Kh1 Rxh2+ 34. Kg1 Qg2# 0-1

[Event "Montigny le Bretonneux op"]
[Site "Montigny le Bretonneux"]
[Date "2004.05.23"]
[Round "7"]
[White "Delpech, Olivier"]
[Black "Jakubowski, Richard"]
[Result "0-1"]
[WhiteElo "1720"]
[BlackElo "1830"]
[PlyCount "122"]
[EventDate "2004.05.20"]
[EventType "swiss"]
[EventRounds "9"]
[EventCountry "FRA"]
[SourceTitle "EXT 2007"]
[Source "ChessBase"]
[SourceDate "2006.11.23"]
[SourceVersion "1"]
[SourceVersionDate "2006.11.23"]
[SourceQuality "1"]

1. c4 e5 2. Nc3 Nf6 3. g3 Be7 4. Bg2 c6 5. e3 d5 6. cxd5 cxd5 7. d4 e4 8. Nge2 0-0 9. 0-0 Bg4 10. h3 Bxe2 11. Qxe2 Nc6 12. a3 Rc8 13. f3 Nh5 14. Kh2 Qd6 15. f4 Nf6 16. Nb5 Qb8 17. b4 a6 18. Nc3 Nxd4 19. exd4 Rxc3 20. Bb2 Rc6 21. Rac1 Rfc8 22. Rxc6 Rxc6 23. b5 axb5 24. Qxb5 Qc7 25. Rb1 Rb6 26. Qf1 h6 27. Rc1 Rc6 28. Rxc6 Qxc6 29. Qc1 Qxc1 30. Bxc1 Ne8 31. Bf1 Nd6 32. Kg2 f5 33. a4 Kf7 34. Kf2 Ke6 35. Bb2 Nc4 36. Bc3 b6 37. Be2 Ba3 38. h4 Bb2 39. Bxb2 Nxb2 40. Bb5 Nc4 41. Ke2 Nd6 42. Bc6 Nf7 43. Bb5 g5 44. h5 gxf4 45. gxf4 Nd6 46. Bc6 Nc4 47. Bb5 Nb2 48. Be8 Nd3 49. Ke3 Ne1 50. Kf2 Nc2 51. Bb5 Nxd4 52. Bf1 Kd6 53. Ke3 Kc5 54. Ba6 Ne6 55. Bc8 d4+ 56. Kd2 Ng7 57. Ba6 Nxh5 58. Bc8 Ng7 59. Ba6 Ne8 60. Be2 d3 61. Bd1 Kd4 0-1

[Event "Montigny le Bretonneux Noel op 06th"]
[Site "Montigny le Bretonneux"]
[Date "2003.12.30"]
[Round "6"]
[White "Jakubowski, Richard"]
[Black "Pantic, David"]
[Result "1-0"]
[WhiteElo "1840"]
[BlackElo "1720"]
[PlyCount "73"]
[EventDate "2003.12.26"]
[EventType "swiss"]
[EventRounds "6"]
[EventCountry "FRA"]
[SourceTitle "CBM 097 Extra"]
[Source "ChessBase"]
[SourceDate "2004.01.13"]
[SourceVersion "1"]
[SourceVersionDate "2004.01.13"]
[SourceQuality "1"]

1. e4 c5 2. Nf3 g6 3. Bc4 d6 4. c3 Nf6 5. e5 d5 6. Bb5+ Bd7 7. Qa4 Bxb5 8. Qxb5+ Qd7 9. Qxc5 e6 10. Qe3 Ng4 11. Qe2 Nc6 12. d4 h5 13. h3 Nh6 14. Bxh6 Bxh6 15. Nbd2 Ne7 16. c4 dxc4 17. Nxc4 0-0 18. 0-0 Nd5 19. Nd6 Rfd8 20. g3 Bf8 21. Ne4 Bh6 22. Nfd2 Rac8 23. Rac1 Rxc1 24. Rxc1 Rc8 25. Rxc8+ Qxc8 26. Qc4 Qxc4 27. Nxc4 Nb4 28. a4 Nc6 29. Ned6 Nxd4 30. Nxb7 Nb3 31. f4 Bf8 32. Ncd6 Kg7 33. Kf2 f6 34. Ne8+ Kf7 35. Nxf6 Ke7 36. Ke3 Bg7 37. Ne4 1-0

[Event "Montigny le Bretonneux Noel op 06th"]
[Site "Montigny le Bretonneux"]
[Date "2003.12.29"]
[Round "5"]
[White "Couradin, Jean Marie"]
[Black "Jakubowski, Richard"]
[Result "1-0"]
[WhiteElo "1570"]
[BlackElo "1840"]
[PlyCount "61"]
[EventDate "2003.12.26"]
[EventType "swiss"]
[EventRounds "6"]
[EventCountry "FRA"]
[SourceTitle "CBM 097 Extra"]
[Source "ChessBase"]
[SourceDate "2004.01.13"]
[SourceVersion "1"]
[SourceVersionDate "2004.01.13"]
[SourceQuality "1"]

1. e4 e5 2. Nf3 d6 3. d4 exd4 4. Bc4 Be7 5. Qxd4 Bf6 6. Qe3 Ne7 7. 0-0 0-0 8. Rd1 Nbc6 9. Nc3 Ng6 10. Qe1 Bg4 11. Be2 Nb4 12. Qd2 h6 13. a3 Nc6 14. Qd3 Re8 15. Re1 Re6 16. Nd5 Nce5 17. Qb3 b6 18. Nd4 Re8 19. f3 Be6 20. Nxe6 Rxe6 21. f4 Nc6 22. f5 Rxe4 23. fxg6 Bd4+ 24. Kh1 Bf2 25. gxf7+ Kh8 26. Qf3 Bxe1 27. Qxe4 Ne5 28. Nxc7 Rc8 29. Ne8 Nxf7 30. Bd3 Ng5 31. Bxg5 1-0

[Event "Montigny le Bretonneux op 7th"]
[Site "Montigny le Bretonneux"]
[Date "2003.05.04"]
[Round "7.10"]
[White "Bourigault, Jerome"]
[Black "Jakubowski, Richard"]
[Result "1-0"]
[WhiteElo "1610"]
[BlackElo "1740"]
[PlyCount "65"]
[EventDate "2003.05.??"]
[EventType "swiss"]
[EventRounds "9"]
[EventCountry "FRA"]
[SourceTitle "EXT 2004"]
[Source "ChessBase"]
[SourceDate "2003.11.25"]
[SourceVersion "1"]
[SourceVersionDate "2003.11.25"]
[SourceQuality "1"]

1. b3 e5 2. Bb2 Nc6 3. e3 Nf6 4. Bb5 d6 5. Ne2 Bd7 6. 0-0 Be7 7. d3 0-0 8. Nd2 a6 9. Bxc6 Bxc6 10. c4 Nh5 11. e4 f5 12. Ng3 Nxg3 13. fxg3 fxe4 14. Nxe4 Qd7 15. Qh5 Bxe4 16. dxe4 Qc6 17. Qg4 Bf6 18. Rf5 Rf7 19. Raf1 Raf8 20. h4 Qc5+ 21. Kh2 Qe3 22. Bc1 Qd3 23. Bh6 Kh8 24. Bc1 g6 25. R5f2 b5 26. Bh6 bxc4 27. Bxf8 Rxf8 28. Rxf6 Rxf6 29. Rxf6 Kg7 30. Rf3 Qd4 31. Qd7+ Kh6 32. Rf7 g5 33. Qe6+ 1-0

[Event "Montigny le Bretonneux op 7th"]
[Site "Montigny le Bretonneux"]
[Date "2003.05.01"]
[Round "2.11"]
[White "Jakubowski, Richard"]
[Black "Couradin, Jean Marie"]
[Result "1-0"]
[WhiteElo "1740"]
[BlackElo "1760"]
[PlyCount "69"]
[EventDate "2003.05.??"]
[EventType "swiss"]
[EventRounds "9"]
[EventCountry "FRA"]
[SourceTitle "EXT 2004"]
[Source "ChessBase"]
[SourceDate "2003.11.25"]
[SourceVersion "1"]
[SourceVersionDate "2003.11.25"]
[SourceQuality "1"]

1. e4 c5 2. Nf3 d6 3. Bc4 Nf6 4. Nc3 Nc6 5. 0-0 g6 6. d4 cxd4 7. Nxd4 Bg7 8. Nxc6 bxc6 9. Bg5 0-0 10. Qd2 Qa5 11. Bb3 Re8 12. Rae1 Be6 13. Be3 Ng4 14. f3 Nxe3 15. Qxe3 c5 16. Kh1 c4 17. Ba4 Bxc3 18. Bxe8 Bxe1 19. Bxf7+ Bxf7 20. Rxe1 Qb6 21. Qc3 e5 22. h3 Rb8 23. b3 cxb3 24. axb3 Be6 25. Rd1 Rc8 26. Qd3 Rc6 27. Rf1 Qc5 28. c4 Rb6 29. f4 exf4 30. Rxf4 Qe5 31. Rf3 Ra6 32. Rf1 Ra1 33. Kg1 Ra3 34. Qf3 Bxc4 35. Qf8# 1-0

[Event "Montigny le Bretonneux Noel op 05th"]
[Site "Montigny le Bretonneux"]
[Date "2002.12.29"]
[Round "5.16"]
[White "Filain, Johannie"]
[Black "Jakubowski, Richard"]
[Result "0-1"]
[WhiteElo "1400"]
[BlackElo "1780"]
[PlyCount "80"]
[EventDate "2002.12.??"]
[EventType "swiss"]
[EventRounds "7"]
[EventCountry "FRA"]
[SourceTitle "EXT 2004"]
[Source "ChessBase"]
[SourceDate "2003.11.25"]
[SourceVersion "1"]
[SourceVersionDate "2003.11.25"]
[SourceQuality "1"]

1. c4 e5 2. Nc3 Nf6 3. g3 Bc5 4. Bg2 c6 5. Nf3 e4 6. Ng5 d5 7. cxd5 cxd5 8. 0-0 0-0 9. d4 Be7 10. a3 Bf5 11. b4 Nbd7 12. Bd2 Nb6 13. e3 Qd7 14. a4 h6 15. a5 Nc4 16. Ngxe4 dxe4 17. Qe2 Nxd2 18. Qxd2 Bh3 19. Rab1 Bxg2 20. Kxg2 Qg4 21. f3 Qg6 22. Qc2 exf3+ 23. Rxf3 Qxc2+ 24. Rf2 Qxc3 25. Re2 Qc6+ 26. Kg1 Ne4 27. Kf1 Qf6+ 28. Ke1 Nc3 29. Rf2 Nxb1 30. Rxf6 gxf6 31. d5 Bxb4+ 32. Kd1 Bxa5 33. Kc2 Rac8+ 34. Kxb1 Rc3 35. Kb2 Rfc8 36. Ka2 Rxe3 37. Kb2 Rcc3 38. Kb1 Re2 39. d6 Rf3 40. Kc1 Rf1# 0-1